=LDR 00000nam 2200000 4500 =001 INLIS000000000047576 =005 20160111151320.0 =006 =007 =008 =035 ##$$0010-011600000000034 =082 ##$$a 364.kus =100 ##$$a kusumah w.mulyana =245 ##$$a aneka permasalahan dalam ruang lingkup kriminologi =250 ##$$a ed.1 =260 ##$$a bandung $b alumni $c 1981 =300 ##$$a 170 hlm $c 20 cm =990 ##$$a 0219/BPAP-NTB/2016 =990 ##$$a 0001/BPAP-NTB/2016 =990 ##$$a 0001/BPAP-NTB/2016 =990 ##$$a 0001/BPAP-NTB/2016